01416 2200601 4500001002100000005001500021035002000036007000300056008004100059020002200100082001200122084001800134100003400152245006600186250001000252300003300262650002100295700003300316264003100349336002100380337003000401338002300431990001200454990001200466990001200478990001200490990001200502990001200514990001200526990001200538990001200550990001200562990001200574990001200586990001200598990001200610990001200622990001200634990001200646990001200658990001200670990001200682990001200694990001200706990001200718990001200730990001200742990001200754990001200766990001200778990001200790990001200802INLIS00000000000056020250924090843 a0010-0925000083ta250924 0 ind  a978-623-522-801-3 a499.221 a499.221 PIP x0 aPipit Dwi KomariahePengarang1 aX-Press TKA Bahasa Indonesia :bSMK/MAK /cPipit Dwi Komariah acet 1 a154 halaman :bilus ;c26 cm 4aBahasa Indonesia0 aNickyta PramudiaePenyunting aJakarta :bErlangga,c2025 2rdacontentateks 2rdamediaatanpa perantara 2rdacarrieravolume a25.0516 a25.0517 a25.0518 a25.0519 a25.0520 a25.0521 a25.0522 a25.0523 a25.0524 a25.0525 a25.0526 a25.0527 a25.0528 a25.0529 a25.0530 a25.0531 a25.0532 a25.0533 a25.0534 a25.0535 a25.0536 a25.0537 a25.0538 a25.0539 a25.0540 a25.0541 a25.0542 a25.0543 a25.0544 a25.0545